000 01654nam a2200481 c 4500
001 57839
003 BLK
005 20250611130302.0
008 180408b bul|||||r ||||||| ||bul||
010 _aKNG00061851000
040 _aBLK
041 _aBUL
_cBUL
072 7 _2bullib
_aРА
_xРусенски автори
072 7 _2bullib
_aК
_xКраезнание
080 _aИстория на България
_b94(497.2)
_z94(497.2)
080 _aКраезнание
_b908
_x(497.215)
_z908(497.215)
100 _aЧендов, Георги
_d1920-1987
_gФилолог, изкуствовед, режисьор. Русе
_9381739
139 _aЧендов, Георги
_bЧ 61
245 1 0 _aКогато Русе беше Русчук
_bСтраници из култ. и общ. живот на Русе през миналия век
_cГеорги Чендов.
257 _aBGR
260 _bОФ
_c1985
_fРусе : печ. Дунав
300 _a203 с.
_c20 см
380 _a9
490 1 _aБиблиотека Роден край
500 _a5 100 тир.
650 4 _aРусе - история
_9242626
651 4 _aБългария
_9241624
651 4 _aРусе
_9179462
653 _aРусе
653 _aистория
659 _aК
852 _aЦб 140868
852 _aК 94(497.2)/Ч 61 Г
856 4 _qpdf
856 4 _qpdf
942 _cKNG
_n0
_045
_s1
944 _aCR
_c13.06.2004
_lЦветомила Тодорова
_k30576
944 _aED
_c21.07.2015
_lф /
_kЛюдмила_Стоянова
999 _c57839
_d57839
999 _d57839
999 _d57839
999 _d57839
999 _d57839